00638nam a2200181Ia 4500008004100000082001600041100001400057245007200071250000800143260002500151300000800176500002400184650001400208942000700222952010500229952010500334999001700439230524s9999 xx 000 0 und d a604.21bKUM aS.M.Yahya 0aFundamentals of Compressible Flow with Aircraft & Rocket Propulsion a1ST aNEW DELHIbNAIc2005 a440 aQuantity Number: 2 aMechanics cBK 00104070aTATCLbTATCLcGENd2023-05-24l0o604.21 KUMp7455r2023-05-24w2023-05-24yBKzCPES5202 00104070aTATCLbTATCLcGENd2023-05-24l0o604.21 KUMp7456r2023-05-24w2023-05-24yBKzCPES5202 c12962d12962